Anti-Apartheid Act of 1986 : hearing before the Subcommittee on Financial Institutions Supervision, Regulation, and Insurance of the Committee on Banking, Finance, and Urban Affairs, House of Representatives, Ninety-ninth Congress, second session, on H.R. 4868 ... June 10, 1986.

Bibliographic Details
Corporate Authors: United States. Congress. House. Committee on Banking, Finance, and Urban Affairs. Subcommittee on Financial Institutions Supervision, Regulation and Insurance, ProQuest (Firm)
Format: Government Document eBook
Language:English
Published: Washington : U.S. G.P.O., 1986.
Series:U.S. Congressional Hearings.
Subjects:
Online Access:Connect to the full text of this electronic book

MARC

Tag First Indicator Second Indicator Subfields
LEADER 00000cam a22000001a 4500
001 in00003216621
005 20190404183153.0
006 m d f
007 cr bn mmmapmmp
008 091020s1986 dcu o f000 0 eng d
035 |a cis2007450234 
040 |a UMI  |c UMI  |d UtOrBLW 
043 |a n-us--- 
074 |a 1013-A, 1013-B (microfiche) 
086 0 |a Y 4.B 22/1:99-81 
088 |a Serial no. 99-81 (United States. Congress. House. Committee on Banking, Finance, and Urban Affairs) 
099 |a HRG-1986-BFU-0017 
110 1 |a United States.  |b Congress.  |b House.  |b Committee on Banking, Finance, and Urban Affairs.  |b Subcommittee on Financial Institutions Supervision, Regulation and Insurance. 
245 1 0 |a Anti-Apartheid Act of 1986 :  |b hearing before the Subcommittee on Financial Institutions Supervision, Regulation, and Insurance of the Committee on Banking, Finance, and Urban Affairs, House of Representatives, Ninety-ninth Congress, second session, on H.R. 4868 ... June 10, 1986. 
264 1 |a Washington :  |b U.S. G.P.O.,  |c 1986. 
300 |a 1 online resource. 
336 |a text  |b txt  |2 rdacontent 
337 |a computer  |b c  |2 rdamedia 
338 |a online resource  |b cr  |2 rdacarrier 
500 |a Record is based on bibliographic data in ProQuest Congressional Hearings Digital Collection. Reuse except for individual research requires license from ProQuest, LLC. 
538 |a System requirements: PDF reader software. 
500 |a Electronic resource. 
650 0 |a Apartheid  |z South Africa. 
650 0 |a Economic sanctions, American  |z South Africa. 
651 0 |a United States  |x Foreign economic relations  |z South Africa. 
651 0 |a South Africa  |x Foreign economic relations  |z United States. 
655 7 |a Electronic books.  |2 local 
710 2 |a ProQuest (Firm) 
776 0 8 |i Print version:  |a United States. Congress. House. Committee on Banking, Finance, and Urban Affairs. Subcommittee on Financial Institutions Supervision, Regulation and Insurance  |t Anti-Apartheid Act of 1986  |w (OCoLC)14262659  |w gp 86020033 
776 0 8 |i Microfiche version:  |a United States. Congress. House. Committee on Banking, Finance, and Urban Affairs. Subcommittee on Financial Institutions Supervision, Regulation and Insurance  |t Anti-Apartheid Act of 1986.  |d [Bethesda, Md.] : ProQuest,[2004]  |o CIS 86 H241-52  |w (ProQuest)cis08600387 
830 0 |a U.S. Congressional Hearings. 
856 4 0 |u http://proxy.library.tamu.edu/login?url=http://congressional.proquest.com/congcomp/getdoc?HEARING-ID=HRG-1986-BFU-0017  |z Connect to the full text of this electronic book  |t 0 
998 |a cis08600387 
999 |a MARS 
999 f f |s b973411e-8207-3d2c-8769-3c9a12d6cfb8  |i b2a1fd7a-763f-3af1-a017-61f8e97c8ec4  |t 0 
952 f f |a Texas A&M University  |b College Station  |c Electronic Resources  |d Available Online  |t 0  |e HRG-1986-BFU-0017  |h Other scheme 
998 f f |a HRG-1986-BFU-0017  |t 0  |l Available Online